1525 1262 1224 1933 1620 1984 1791 1267 1011 1139 1434 1784 1447 1484 1555 1315 1125 1968 1776 1585 1164 1397 1723 1691 1667 1168 1148 1568 1458 1871 1080 1092 1763 1556 1960 1934 1709 1078 1995 1165 1599 1762 1284 1342 1381 1755 1399 1666 1908 1701 1362 1992 1965 1503 1839 1621 1001 1184 1712 1028 1739 1554 1632 1300 1442 1407 1635 1876 1469 1559 1047 1745 1563 1335 1455 1368 1147 1332 1141 1318 1634 1388 1123 1869 1643 1900 1608 1739 1573 1446 1437 1222 1736 1363 1187 1461 1406 1088 1113 BCNSPRNW ULIB Ver.6.0+V

เปลี่ยนเป็นภาษาไทย

Change to English
 แสดงรายละเอียดบรรณานุกรม
  กลับหน้าหลัก

Brief Record : Get Marc (ISO 2709) : E-mail record : QR code < ปิดหน้าต่าง
LEADER : 00000nam 2200000uu 4500
001    13399113448
003     ULIB
008    110616s2551||||th 000 0 tha d
020    9740665427
090    นว.^bK111ค 2551
100 1  Kang Joo Hyun
245 10 เคล็ดลับพัฒนาตนเองจากเกาหลี : ไม่ยากถ้าอยากฉลาดพูด /^cKang Joo Hyun
250    พิมพ์ครั้งที่ 1
260    กรุงเทพฯ :^bนานมีบุ๊คส์,^c2551
300    98 หน้า
710 2  นานมีบุ๊คส์
945    ^p155^l0^i024658
995    ทศพร
999 ^a ใช้งานได้ทุกระบบ
รายการนี้ยังไม่มีแท็ก
คุณยังไม่ได้ล็อกอิน คุณสามารถมีกิจกรรมร่วมกับเว็บไซต์ได้ แต่ต้องล็อกอินก่อน ::
  ล็อกอิน

รายการสื่อสารสนเทศ

ลำดับที่ ประเภท เลขเรียก/บาร์โค้ด สถานที่ สถานะ
1. นวนิยาย
นวนิยาย
นว. K111ค 2551 ฉ.1 
  Barcode: 024658
ห้องสมุดวิทยาเขตสวรรค์ประชารักษ์
►นวนิยาย
บนชั้น
  ขอยืม

BibComment


ยังไม่เคยถูกคอมเมนท์

คอมเมนท์ทรัพยากรรายการนี้
  คอมเมนท์: เคล็ดลับพัฒนาตนเอ..


 Copyright 2026. Bcnsprnw @Library